00881nam a2200253Ia 450000500170000000800410001702000190005810000190007724500860009625000190018230000510020149000240025265000450027665000460032165000490036770000230041670000260043926400280046533600270049333700330052033800280055304000350058108400110061620220317001122.0160825s2009 sp a g 000 0 spa  a978842042170121 aAda, Alma Flor14aUna semilla de luzcAlma Flor Ada, F. Isabel Campoy ; ilustrado por Marina Seoane a1a. edición  a27 páginas bilustraciones en color c26 cm  aDerechos del niño142LEMBaCuentos infantiles estadounidenses142LEMBaLiteratura infantil estadounidense 142LEMBaDerechos del niño en la literatura 1 aCampoy, F. Isabel 1 aSeoane, Marinad1957- aMadridbAlfaguarac2009 atextobtxt2rdacontent asin mediaciónbn2rdamedia avolumenbnc2rdacarrier aCO-BoRNBPbspaerdacCO-BoRNBP aC ADA1